000 00626nam a2200205Ia 4500
003 OSt
005 20260115124122.0
008 220923b |||||||| |||| 00| 0 eng d
037 _cGeneral Book
040 _aRTL
_cRTL
_beng
041 _2eng
_aeng
084 _aX:8M691 , M5
_qRTL
100 _aLacone Salvatore J
_9319717
245 0 _aModern business report writing
260 _aNew York
_bMacmillan
_c1985
300 _axiv , 380 p.
_ccm.
_bIncludes bibliographical references and index.
500 _aBibliography p 369-70
942 _hX:8M691 , M5
_cGB
_2CC
_n0
999 _c627756
_d627756